[Event "London Classic U1825 op 10th"]
[Site "London"]
[Date "2018.12.15"]
[Round "2"]
[White "Amirezashvili, Maia"]
[Black "Lim, Yu Chin"]
[Result "0-1"]
[WhiteElo "1816"]
[BlackElo "1659"]
[PlyCount "80"]
[EventDate "2018.12.14"]
[EventType "swiss"]
[EventRounds "5"]
[EventCountry "ENG"]
[SourceTitle "CBM 187 Extra"]
[Source "ChessBase"]
[SourceDate "2018.11.04"]
[SourceVersion "1"]
[SourceVersionDate "2018.11.04"]
[SourceQuality "1"]

1. e4 d5 2. exd5 Nf6 3. d6 cxd6 4. d4 g6 5. Nf3 Bg7 6. Bb5+ Bd7 7. a4 Nc6 8. d5 Nb4 9. Nc3 Qa5 10. Bg5 Nbxd5 11. Bxd7+ Kxd7 12. 0-0 Nxc3 13. bxc3 Rhc8 14. Rb1 b6 15. Re1 Rc5 16. Qe2 Re8 17. Be3 Rc7 18. Ng5 Qxc3 19. Qf3 Qc4 20. a5 bxa5 21. h3 h6 22. Nxf7 Qxf7 23. Bxa7 Qd5 24. Qe3 Ng8 25. c4 Rxc4 26. Rbd1 Qf7 27. Qb6 Rec8 28. Qb5+ R4c6 29. Rc1 Qf5 30. Qa4 e6 31. Bb8 Be5 32. Rb1 Qf4 33. Rb7+ Ke8 34. Qxf4 Bxf4 35. Rxe6+ Kf8 36. f3 Be5 37. Rxg6 Re8 38. Ba7 a4 39. Be3 a3 40. Ra7 Rc3 0-1

[Event "London Classic U1825 op 10th"]
[Site "London"]
[Date "2018.12.14"]
[Round "1"]
[White "Smirnov, Roman3333"]
[Black "Amirezashvili, Maia"]
[Result "1/2-1/2"]
[WhiteElo "1629"]
[BlackElo "1816"]
[PlyCount "42"]
[EventDate "2018.12.14"]
[EventType "swiss"]
[EventRounds "5"]
[EventCountry "ENG"]
[SourceTitle "CBM 187 Extra"]
[Source "ChessBase"]
[SourceDate "2018.11.04"]
[SourceVersion "1"]
[SourceVersionDate "2018.11.04"]
[SourceQuality "1"]

1. e4 c5 2. Nf3 d6 3. Bc4 e6 4. c3 Nf6 5. Qe2 a6 6. a3 Be7 7. d4 cxd4 8. cxd4 Qc7 9. 0-0 Nxe4 10. Bxe6 Bxe6 11. Qxe4 d5 12. Qe5 Qxe5 13. Nxe5 Nc6 14. Be3 Na5 15. Nd2 f6 16. Nd3 Nc4 17. Nxc4 dxc4 18. Nf4 Bf7 19. Rac1 Rd8 20. Rfd1 g5 21. Ne2 b5 1/2-1/2